000 00523nam a2200181Ia 4500
005 20260531145103.0
008 260531s9999 xx 000 0 und d
020 _a9780070585966
041 _aEnglish
082 _a621.397:681.846 GUP
100 _aGupta (R G)
245 0 _aTelevision Engineering and Video Systems
260 _bTata Mcgraw-Hill Publishing Company Limited
_aNew Delhi
_c2007
300 _bPaper Back
_a645+24
563 _aPaper Back
650 _a Television and Video Engineering
942 _cBK
999 _c195013
_d195013